| 000 | 00570nam a22001817a 4500 | ||
|---|---|---|---|
| 003 | CEME | ||
| 005 | 20210628205428.0 | ||
| 008 | 210316b xxu||||| |||| 00| 0 eng d | ||
| 020 | _a0-201-59830-2 | ||
| 040 | _c. | ||
| 082 | _a502.855133 HIG'S | ||
| 100 |
_aSabot, Gary W _975508 |
||
| 245 | _aHigh performance computing problem solving with parallel and vector architectures | ||
| 260 |
_aNEWYORK _bADDISON WESLEY _c1995 |
||
| 300 | _aXVI, 246P | ||
| 650 |
_aELECTRONIC DIGITAL COMPUTERS-PROGRAMMING FORTRAN-COMPUTER PROGRAMMING LANGUAGE _975509 |
||
| 942 |
_cBK _2ddc |
||
| 999 |
_c580909 _d580909 |
||